000 01019nam a2200301Ia 4500
001 dia_53
003 CHAP
005 20221206135934.0
008 220117s1997 xx 000 0 und d
010 _a170486
020 _a970-13-1410-7
040 _cCHAP
082 _a338.972 C83 1997
110 _aMéxico. Instituto Nacional de Estadística, Geografía e Informática
_9147078
245 _aCuaderno estadístico municipal /
_c Instituto Nacional de Estadística, Geografía e Informática
260 _aMéxico :
_b INEGI,
_c1997
300 _a133 p.
500 _aLa bilblioteca tiene: Tab., Ver., Zac.
503 _aC/e
650 _a1.Condiciones económicas
_9147079
650 _aAgricultura
_xEstadística
_9147080
650 _aCondiciones sociales
_926332
700 _aInstituto Nacional de Estadística, Geografía e Informática
_9147081
901 _a338.972 C83 1997
902 _aM
905 _a0000001997 mx BMN 0000000000spa00
942 _cLIBRO
_2ddc
999 _c170486
_d170486